000 00741nam a22002057a 4500
999 _c12425
_d12425
003 AR-CdUCM
008 190408b ||||| |||| 00| 0 spa d
040 _aMUNICIPALIDAD PROVINCIAL DEL CUSCO
_cBIBLIOTECA MUNICIPAL DEL CUSCO
082 _a970 /
_bS21 / 1949
100 _aSanchez, Luis Alberto
_91008
245 _aHistoria general de America /
260 _aChile :
_bEdic. Ercilla,
_c1949.
300 _a505 paginas ;
_bMapas,ilustraciones
_c21 cm.
505 _aContenido :La revolución --El caudillaje nacionalista --Hacia la formación de estados --Hacia una personalidad continental ...
650 _aHistoria
_9246
650 _aAmerica
_91348
650 _aEstados
_920818
942 _2ddc
_cLIBROS
945 _arjall
_d2019-04-08